000 00481nam a22001817a 4500
005 20251108175927.0
008 250721s2018 xx 000 0 eng d
082 1 4 _aJ/F/DIC
100 1 _aDICKENS, CHarles
245 1 4 _aTHE PICKWICK PAPERS /
264 1 _aUttar pradesh :
_bom books international,
_c2018.
300 _a240P.
650 1 7 _aFiction
650 1 7 _achildren's literature
653 _aناشئون صغار(10-14)سنة
942 _2ddc
_cBK
999 _c145701
_d145701